=LDR 00000nam 2200000 4500 =001 INLIS000000000000928 =005 20200917014257 =035 ##$$a 0010-061300000000928 =008 200917################g##########0#ind## =041 ##$$a Ind =082 ##$$a 303.370 959 822 =090 ##$$a 303.370 959 822, Pem =245 ##$$a Pembinaan disiplin di lingkungan masyarakat kota daerah Jawa Tengah, /$c Cahyo Budi Utomo...[ et al.] =260 ##$$a Semarang :$b Departemen pendidikan dan kebudayaan,$c 1994 =300 ##$$a xiii, 79 hlm, : $b ilus ; $c 16 x 23 cm =650 #4$$a Disiplin mental =650 #4$$a Jawa Tengah =700 #$$a Utomo, Cahyo Budi =850 ##$$a NBPNMAT =084 ##$$a 303.370 959 822 PEM p =504 ##$$a Bibliografi : hlm, 79 =990 ##$$a 78.383/hd-94 =990 ##$$a DW99002803 =990 ##$$a DW99002803 =990 ##$$a 78.383/hd-94